| Поле | Инд. | ПП | Название | Значение |
|---|---|---|---|---|
| Тип записи | a | |||
| Библиографический уровень | m | |||
| 001 | Контрольный номер | 3057f2f2-1520-48d7-bb8e-55cfab8f75b1 | ||
| 005 | Дата корректировки | 20140703133032.6 | ||
| 008 | Кодируемые данные | 050128 | ||
| 020 | c | Цена, тираж | б/ц | |
| 040 | a | Служба первич. каталог. | НБ ТвГУ | |
| 041 | a | Код языка текста | rus | |
| 080 | a | Индекс УДК | 882.09(043.3) | |
| 084 | a | Индекс другой классификации/Индекс ББК | Ш5(2=411.2)6-334я031 | |
| 090 | x | Авторский знак | Г78 | |
| a | Полочн. индекс | Ш5(2=411.2) | ||
| 100 | 1_ | a | Автор | Грацианова Ирина Сергеевна |
| 245 | 10 | a | Заглавие | Концептосфера и архетипическое пространство русской онтологической прозы последней четверти XX столетия |
| b | Продолж. заглавия | автореф. дис. ... канд. филол. наук : 10.01.01 | ||
| c | Ответственность | Кубан. гос. ун-т, Каф. аналит. журналистики, отеч. лит., теории и критики | ||
| 260 | 0_ | a | Место издания | Краснодар |
| b | Издательство | Кубанский гос. ун-т | ||
| c | Дата издания | 2004 | ||
| 300 | a | Объем | 23 с., включ. обл. | |
| 500 | a | Примечание | На правах рукоп. | |
| 504 | a | Библиография | Библиогр.: с. 23 и в подстроч. примеч. | |
| 583 | a | Действие | Получение впервые 10 28.01.2005 | |
| 650 | a | Основная рубрика | Русская литература | |
| x | Основная подрубрика | История | ||
| y | Хронологическая подрубрика | 20 в. | ||
| x | Основная подрубрика | Проза | ||
| 653 | a | Ключевые слова | Русская литература | |
| a | Ключевые слова | Проза | ||
| a | Ключевые слова | Русская проза | ||
| a | Ключевые слова | Онтологическая проза | ||
| a | Ключевые слова | Авторефераты | ||
| 852 | t | Порядковый номер экземпляра | 1 | |
| p | Инвентарный номер | б/н | ||
| 888 | a | Бесплатные | ||
| 930 | a | Новая/Ретро | авторефераты | |
| 952 | p | 10.2005 б/ц 1 б/н | ||
| c | Вид литературы | А/Р н | ||
| 954 | a | Дата поступления на обработку | 20050314 | |
| 999 | a | Подразделение 2 | ч.з. |